[Event "XecaAqui!!"]
[Site "http://www.queenalice.com/game.php?id=650260"]
[Date "2009.9.10"]
[Round "3"]
[White "chikasawa"]
[Black "wboton"]
[Result "0-1"]
[WhiteElo "1446"]
[BlackElo "1248"]

1. e4 e5 2. Nf3 Nc6 3. Bb5 Nf6 4. Bxc6 dxc6 5. Nxe5 Qd4 6. Nf3 Qxe4+ 7. Qe2 Qe7
8. d3 Bg4 9. Qxe7+ Bxe7 10. O-O Bxf3 11. gxf3 Nd5 12. Re1 O-O-O 0-1

[Event "WBxRocha"]
[Site "http://www.queenalice.com/game.php?id=653357"]
[Date "2009.9.16"]
[Round "-"]
[White "lsdr"]
[Black "wboton"]
[Result "0-1"]
[WhiteElo "1463"]
[BlackElo "1401"]

1. e4 e5 2. Nf3 Nc6 3. d3 Nf6 4. Be3 Bb4+ 5. c3 Be7 6. Qb3 d5 7. Nbd2 d4 8. Ng5
O-O 9. h4 dxe3 10. fxe3 Ng4 11. Be2 Nxe3 12. Bh5 Na5 13. Bxf7+ Kh8 14. Qe6 Bxe6
15. Nxe6 Qxd3 16. h5 Rxf7 17. Rh3 Nac4 18. Nxc4 Nxg2# 0-1

[Event "WBxFais"]
[Site "http://www.queenalice.com/game.php?id=653358"]
[Date "2009.9.16"]
[Round "-"]
[White "wboton"]
[Black "lucasfais"]
[Result "1-0"]
[WhiteElo "1465"]
[BlackElo "1317"]

1. d4 d5 2. Nc3 Nf6 3. e3 Nc6 4. Nf3 Bf5 5. Bb5 e6 6. O-O Qd6 7. Ne5 a6 8. Ba4
b5 9. Bb3 Nxe5 10. dxe5 Qxe5 11. Qf3 Bd6 12. Qg3 Ne4 13. Nxe4 dxe4 14. c3 Qf6
15. f4 e5 16. Bd5 exf4 17. exf4 Rd8 18. Be3 Bc5 19. Bxe4 Bxe4 20. Bxc5 Rd3 21.
Qg4 Qf5 22. Qxf5 Bxf5 23. Rfe1+ Kd8 24. Re5 g6 25. Rae1 Be6 26. Bd4 Bxa2 27. Ra1
Be6 28. Rxe6 fxe6 29. Bxh8 Rd6 30. Be5 Rc6 31. Rd1+ Kc8 32. Rd3 a5 33. Rh3 h5
34. Rg3 Rc5 35. Rxg6 Rd5 36. Kf1 b4 37. Rxe6 bxc3 38. bxc3 a4 39. f5 a3 40. f6
a2 41. Ra6 Rd2 42. f7 Rd1+ 43. Ke2 a1=Q 44. Rxa1 Rxa1 45. f8=Q+ Kb7 46. Qe7 Ra2+
47. Kd3 Rxg2 48. Qxc7+ Ka6 49. Qc4+ Ka5 50. Bc7# 1-0

[Event "Challenge"]
[Site "http://www.queenalice.com/game.php?id=653509"]
[Date "2009.9.16"]
[Round "-"]
[White "didonato"]
[Black "wboton"]
[Result "0-1"]
[WhiteElo "1249"]
[BlackElo "1308"]

1. d4 d5 2. f4 Nc6 3. Nf3 e6 4. Nc3 Nf6 5. Ng5 Bb4 6. Bd2 Nxd4 7. a3 Ba5 8. e3
Nf5 9. Bb5+ c6 10. Be2 O-O 11. b4 Bb6 12. g4 Nxe3 13. Qc1 Nfxg4 14. Bd3 Qf6 15.
Bxh7+ Kh8 16. h3 Ng2+ 17. Kf1 N4e3+ 18. Ke2 Nxf4+ 19. Ke1 Qxg5 20. h4 Qg3# 0-1

[Event "Challenge"]
[Site "http://www.queenalice.com/game.php?id=654028"]
[Date "2009.9.17"]
[Round "-"]
[White "wboton"]
[Black "josimar"]
[Result "1-0"]
[WhiteElo "1429"]
[BlackElo "1713"]

1. c4 Nf6 2. Nc3 e6 3. Nf3 c5 4. g3 Nc6 5. Bh3 a6 6. d3 Bd6 7. Bg5 O-O 8. O-O h6
9. Bxf6 Qxf6 10. Ne4 Qe7 11. Nxd6 Qxd6 12. Bg2 Ne7 13. d4 cxd4 14. Qxd4 Qxd4 15.
Nxd4 Nc6 16. Rfd1 e5 17. Nf5 Rd8 18. Rd6 Kf8 19. Rad1 Ne7 20. Ne3 Rb8 21. c5 Nc6
22. Nc4 f6 23. e3 Ne7 24. Be4 1-0

[Event "Challenge"]
[Site "http://www.queenalice.com/game.php?id=676454"]
[Date "2009.11.2"]
[Round "-"]
[White "paddymalonespub"]
[Black "wboton"]
[Result "1-0"]
[WhiteElo "1676"]
[BlackElo "1478"]

1. e4 e5 2. Nf3 Nc6 3. d4 exd4 4. Nxd4 Nxd4 5. Qxd4 d6 6. Nc3 c5 7. Qd1 Nf6 8.
Bg5 Bg4 9. f3 Bh5 10. Nd5 Qa5+ 11. Bd2 Qb5 12. Bxb5+ Nd7 13. Nc7+ Kd8 14. Nxa8
Ne5 15. Bf4 Ng6 16. Bxd6 Bxd6 17. Qxd6+ Kc8 18. Qc7# 1-0

[Event "Challenge"]
[Site "http://www.queenalice.com/game.php?id=677233"]
[Date "2009.11.3"]
[Round "-"]
[White "montelo"]
[Black "wboton"]
[Result "0-1"]
[WhiteElo "2045"]
[BlackElo "1478"]

1. e4 e5 2. Qh5 Nf6 3. Qxe5+ Be7 4. Nc3 O-O 5. d3 Nc6 6. Qg3 Bd6 7. f4 Nh5 8.
Qg4 Nf6 9. Qg3 Nd4 10. Kd1 c6 11. e5 Nh5 12. Qe3 Bc5 13. Qe4 d6 14. b4 Bg4+ 15.
Be2 Nxe2 16. Ngxe2 d5 17. Nxd5 cxd5 18. Qxh7+ Kxh7 19. bxc5 d4 20. Bb2 Qd5 21.
Rg1 Rac8 22. h3 Bxe2+ 23. Kxe2 Nxf4+ 24. Kf2 Rxc5 25. Rae1 Rxc2+ 0-1

[Event "Challenge"]
[Site "http://www.queenalice.com/game.php?id=678506"]
[Date "2009.11.6"]
[Round "-"]
[White "Meirebel"]
[Black "wboton"]
[Result "0-1"]
[WhiteElo "1934"]
[BlackElo "1469"]

1. e4 e5 2. Nf3 Nc6 3. Bc4 d6 4. a3 Nf6 5. d3 Bg4 6. O-O Nh5 7. Nbd2 Be7 8. h3
Be6 9. Nxe5 Nxe5 10. Bxe6 fxe6 11. Qxh5+ g6 12. Qe2 c5 13. b3 O-O 14. Nc4 Nxc4
15. dxc4 Bf6 16. Rb1 Bc3 17. Be3 Qh4 18. Rbd1 Qxe4 19. Rd3 Be5 20. f3 Qc6 21.
Rfd1 Rad8 22. c3 Bf6 23. b4 cxb4 24. cxb4 Qxc4 25. Rc1 Qa6 26. f4 Rc8 27. Rxc8
Rxc8 28. Qf2 Rc1+ 29. Bxc1 Qxd3 30. Kh1 Qb1 31. Qd2 d5 32. Kh2 Kf7 33. Qe3 d4
34. Qd2 d3 35. Qe3 Bc3 36. Bd2 Bxd2 37. Qxd2 Qc2 0-1

[Event "Challenge"]
[Site "http://www.queenalice.com/game.php?id=682841"]
[Date "2009.11.14"]
[Round "-"]
[White "MC"]
[Black "wboton"]
[Result "1-0"]
[WhiteElo "1562"]
[BlackElo "1454"]

1. d4 d5 2. e3 e6 3. Nh3 Nc6 4. Bb5 Bd7 5. Bxc6 Bxc6 6. f4 Nf6 7. Nc3 Bb4 8. Rf1
O-O 9. Ng5 h6 10. Rf3 Ne4 11. Qd3 f6 12. Nxe6 Qe8 13. Nxc7 Qh5 14. Nxa8 Rc8 15.
a3 Ba5 16. b4 Bb6 17. Nxb6 axb6 18. a4 Qxh2 19. b5 Qh1+ 20. Rf1 Qxg2 21. bxc6
bxc6 22. Nxe4 dxe4 23. Qb3+ Kh7 24. Qxb6 h5 25. Qc5 h4 26. Qf5+ Kg8 27. Qxc8+
Kf7 28. Qxc6 h3 29. Ba3 Qg3+ 30. Ke2 g6 31. Rab1 g5 32. Rb7+ Kg6 33. d5 gxf4 34.
Rxf4 Qxe3+ 35. Kxe3 1-0

[Event "giulaubar-2"]
[Site "http://www.queenalice.com/game.php?id=683581"]
[Date "2009.11.15"]
[Round "3"]
[White "wboton"]
[Black "Matrim"]
[Result "1-0"]
[WhiteElo "1485"]
[BlackElo "2124"]

1. e4 e5 2. d3 d6 3. Nh3 c5 4. Nc3 Nc6 5. Be2 Nf6 6. O-O Bxh3 7. gxh3 Be7 8. f4
exf4 9. Bxf4 Nd4 10. Be3 Nxe2+ 11. Qxe2 O-O 12. Qg2 g6 13. Bh6 Re8 14. Rf3 Qb6
15. Raf1 Qxb2 16. Qd2 b5 17. Rxf6 Bxf6 18. Rxf6 b4 19. Nd5 Re6 20. Rf2 Rc8 21.
Qf4 1-0

[Event "Challenge"]
[Site "http://www.queenalice.com/game.php?id=684531"]
[Date "2009.11.17"]
[Round "-"]
[White "ION_digo"]
[Black "wboton"]
[Result "1-0"]
[WhiteElo "1480"]
[BlackElo "1485"]

1. d4 d5 2. e3 e6 3. Nf3 Nf6 4. Nc3 Nc6 5. Bd3 Be7 6. O-O O-O 7. a3 Ng4 8. e4
dxe4 9. Bxe4 b6 10. Bxc6 Rb8 11. Nb5 Bb7 12. Nxa7 e5 13. Nxe5 Nxe5 14. dxe5 Bd6
15. exd6 cxd6 16. Bf4 Ba6 17. Re1 Qf6 18. Bxd6 Rbd8 19. Be5 Qg6 20. Qf3 Qxc2 21.
Be4 Bd3 22. Bxd3 Rxd3 23. Qg4 f6 24. Bd4 Qc4 25. Rad1 1-0

[Event "Challenge"]
[Site "http://www.queenalice.com/game.php?id=687792"]
[Date "2009.11.24"]
[Round "-"]
[White "jjjcarvalho"]
[Black "wboton"]
[Result "1-0"]
[WhiteElo "1561"]
[BlackElo "1391"]

1. Nf3 Nf6 2. d4 d5 3. Nc3 Be6 4. e3 Ng4 5. h3 Nf6 6. Ne5 Nc6 7. Bb5 a6 8. Nxc6
Qd6 9. Ne5+ c6 10. Bd3 O-O-O 11. Qf3 Ne4 12. Bxe4 dxe4 13. Nxe4 Qc7 14. Nxf7
Bxf7 15. b3 Qa5+ 16. Bd2 Qb6 17. c4 e6 18. c5 Qb5 19. Nc3 Qd3 20. Qe4 Qxe4 21.
Nxe4 Bh5 22. a4 e5 23. dxe5 Rd5 24. Nd6+ Kd8 25. g4 Bg6 26. f4 Rxc5 27. Nxb7+
Ke8 28. Nxc5 Bxc5 29. f5 Bf7 30. e6 Bg8 31. Rc1 h5 32. Rxc5 hxg4 33. Rxc6 g3 34.
Kf1 Rh5 35. Kg2 1-0

[Event "Asatim Chess"]
[Site "http://www.queenalice.com/game.php?id=689371"]
[Date "2009.11.27"]
[Round "2"]
[White "tinogomes"]
[Black "wboton"]
[Result "1-0"]
[WhiteElo "1610"]
[BlackElo "1469"]

1. e4 e5 2. d4 exd4 3. Qxd4 Nc6 4. Qd5 Nf6 5. Bg5 Be7 6. Bxf6 Bxf6 7. Nf3 d6 8.
Bb5 Be6 9. Bxc6+ bxc6 10. Qxc6+ Kf8 11. Nc3 Bd7 12. Qd5 Kg8 13. h4 Rb8 14. Ng5
c6 15. Qxf7# 1-0

[Event "Challenge"]
[Site "http://www.queenalice.com/game.php?id=689748"]
[Date "2009.11.27"]
[Round "-"]
[White "horsemen"]
[Black "wboton"]
[Result "1-0"]
[WhiteElo "1321"]
[BlackElo "1428"]

1. c4 e5 2. Nf3 Nc6 3. Nc3 Nf6 4. d3 Bc5 5. g3 d6 6. a3 O-O 7. Bg5 h6 8. Be3 Bf5
9. Qa4 Qe8 10. Nb5 a6 11. Nxc7 Qd8 12. Nxa8 Qa5+ 13. Qxa5 Nxa5 14. Nc7 Nb3 15.
Ra2 Ng4 16. Bxc5 dxc5 17. Bh3 Rd8 18. Nh4 Nc1 19. Ra1 Nb3 20. Rb1 g5 21. Nxf5 f6
22. Bxg4 Rd7 23. Nd5 b5 24. Nfe7+ Kf8 25. Bxd7 Kf7 26. h4 1-0

[Event "Challenge"]
[Site "http://www.queenalice.com/game.php?id=691093"]
[Date "2009.12.1"]
[Round "-"]
[White "dida"]
[Black "wboton"]
[Result "1-0"]
[WhiteElo "1373"]
[BlackElo "1408"]

1. Nf3 d5 2. Nc3 Nf6 3. d4 Nc6 4. Be3 Bf5 5. h3 Ne4 6. Nxe4 Bxe4 7. c3 e6 8. g4
Bd6 9. Bg2 O-O 10. Qd2 e5 11. O-O a5 12. Bg5 f6 13. Be3 f5 14. Bg5 Qe8 15. dxe5
Bxe5 16. Nxe5 Nxe5 17. Bxe4 dxe4 18. f4 Nc4 19. Qd4 Nd6 20. Rad1 Ra6 21. e3 Rc6
22. Qa7 Nc8 23. Qxb7 Rf7 24. Rd8 1-0

[Event "giulaubar-2"]
[Site "http://www.queenalice.com/game.php?id=703091"]
[Date "2009.12.25"]
[Round "4"]
[White "julio_falk"]
[Black "wboton"]
[Result "1-0"]
[WhiteElo "1482"]
[BlackElo "1442"]

1. e4 e5 2. Nf3 Nc6 3. Bc4 d5 4. Bxd5 Nf6 5. Bxc6+ bxc6 6. Nxe5 Nxe4 7. f3 f6 8.
O-O Bc5+ 9. Kh1 fxe5 10. fxe4 Ba6 11. Qh5+ g6 12. Qxe5+ Kd7 13. Qxc5 Rb8 14.
Rf7+ 1-0